NJ Municipalities - Camden County - Statistics

General Stats
  • This quiz has been taken 594 times
    468 since last reset
  • The average score is 18 of 36
Answers on the Map
Answers color-coded by a green-red scale on the quiz's map according to % correct below.
 
Answer Stats
Answer % Correct
Camden
96%
Cherry Hill Township
81%
Pennsauken
77%
Berlin Borough
70%
Haddon Township
68%
Gloucester Township
66%
Haddonfield
66%
Haddon Heights
62%
Voorhees Township
61%
Audubon
58%
Collingswood
58%
Berlin Township
53%
Gloucester City
53%
Winslow Township
53%
Hi-Nella
51%
Somerdale
51%
Audubon Park
47%
Lindenwold
47%
Waterford Township
47%
Bellmawr
46%
Clementon
46%
Merchantville
43%
Mount Ephraim
43%
Pine Hill
42%
Barrington
41%
Brooklawn
41%
Chesilhurst
41%
Magnolia
41%
Tavistock
39%
Runnemeade
38%
Gibbsboro
35%
Stratford
35%
Laurel Springs
34%
Lawnside
34%
Oaklyn
34%
Woodlynne
32%
No matching quizzes found
Score Distribution
Percent of People with Each Score
Percentile by Number Answered
Your Score History
You have not taken this quiz since the last reset